| 000 | 00371 a2200157 4500 | ||
|---|---|---|---|
| 001 | 13690 | ||
| 020 | _a9788587607751 | ||
| 040 | _cAnchieta - Aquarius | ||
| 100 | _aBittencourt, Maria Nadja Nunes | ||
| 240 | 1 | 0 |
_aA menina do dente mole _lpor |
| 245 | 1 | 0 | _aA menina do dente mole |
| 300 | _a36 | ||
| 362 | 0 | _a2011 | |
| 650 | 4 | _aLiteratura infanto-juvenil | |
| 942 | _cBK | ||
| 999 |
_c13690 _d13690 |
||